Statistics for Guardians Of The Galaxy 2

Click here to take the quiz!

General Stats

  • This quiz has been taken 40 times
  • The average score is 5 of 5

Answer Stats

HintAnswer% Correct
Who is the guardian that turned into a babyGroot
100%
Who is the new member of the guardians that is alive in the movieMantis
96%
Who is the main VillainEgo
93%
Who is Mary PoppinsYondu
93%
What did Rocket stealBatteries
68%

Score Distribution

Percentile by Number Answered

Percent of People with Each Score

Your Score History

You have not taken this quiz